| 000 | 00000nam##2200000za#4500 |
| 001 | 9.698290 |
| 003 | CaOODSP |
| 005 | 20210624235848 |
| 007 | cr ||||||||||| |
| 008 | 150407|2001||||xxc|||||o f|0| 0 eng|d |
| 040 | |aCaOODSP|beng |
| 043 | |an-cn--- |
| 086 | 1 |aRH44-2/2001E-PDF |
| 110 | 1 |aCanada.|bHuman Resources Development Canada. |bIncome Security Programs. |
| 245 | 10|aCanada's retirement income system : |h[electronic resource]|bwhat's in it for you? |
| 246 | 1 |iVariant title : |aCanada's retirement income system : Old Age Security, Canada Pension Plan, private pensions and savings : what's in it for you? |
| 260 | |aOttawa - Ontario : |bHuman Resources Development Canada. |cMarch 2001. |
| 300 | |a38p.|btable, photographs |
| 500 | |a"Old Age Security, Canada Pension Plan, private pensions and savings"--p.1 of 38. |
| 590 | |a13-18-Supp|b2013-08-01 |
| 690 | 07|aIncome security|2gcpds |
| 690 | 07|aPensions|2gcpds |
| 690 | 07|aRetirement|2gcpds |
| 775 | 08|tLe système de revenu de retraite du Canada : |w(CaOODSP)9.642305 |
| 776 | 0#|tCanada's retirement income system |w(CaOODSP)9.648142 |
| 856 | 40|ahttp://publications.gc.ca|qPDF|s519 KB|uhttps://publications.gc.ca/collections/Collection/RH44-2-2001E.pdf |
| 986 | |aISPB-319-03-01E |